| 000 | 00949nam a2200229Ia 4500 | ||
|---|---|---|---|
| 999 |
_c5294 _d5294 |
||
| 003 | OSt | ||
| 005 | 20200611122451.0 | ||
| 008 | 191128s1940 us fr 000 0 eng d | ||
| 040 |
_aCO-JMCR _cCO-JMCR |
||
| 041 | 0 | _aeng | |
| 082 | 0 | 4 |
_a330 / _bM821m _223 |
| 100 | 1 |
_aMoore, Justin H., _eautor _94471 |
|
| 245 | 1 | 0 |
_aModern economics : _bits principles and practices / _cJustin H. Moore, William H. Steiner y Herbert Arkin [y otros] |
| 260 |
_aNew York : _bThomas Nelson and Sons, _c1940 |
||
| 300 |
_axiii, 486 páginas ; _c21 cm. |
||
| 505 | 0 | _aThe nature and scope of economics -- Framework of economic life -- Organization of business enterprises -- Production -- Marketing -- The marketing system -- Consumption -- The consumer -- The value problem -- Deman forces | |
| 546 | _aTexto en inglés | ||
| 650 | 1 | 4 |
_aEconomía _94472 |
| 700 | 1 |
_aSteiner, William H., _eautor _94473 |
|
| 700 | 1 |
_aArkin, Herbert, _eautor _94474 |
|
| 942 |
_2ddc _cBK |
||